Investigation of the Spectral Line Intensities of the ν9 Band of the Trans-Conformer of Ethylene; Russian Physics Journal; Vol. 63, iss. 3
| Parent link: | Russian Physics Journal Vol. 63, iss. 3.— 2020.— [P. 353-359] |
|---|---|
| Hlavní autor: | |
| Korporativní autor: | |
| Další autoři: | , |
| Shrnutí: | Title screen Режим доступа: по договору с организацией-держателем ресурса |
| Jazyk: | angličtina |
| Vydáno: |
2020
|
| Témata: | |
| On-line přístup: | https://doi.org/10.1007/s11182-020-02044-0 |
| Médium: | Elektronický zdroj Kapitola |
| KOHA link: | https://koha.lib.tpu.ru/cgi-bin/koha/opac-detail.pl?biblionumber=662950 |
MARC
| LEADER | 00000naa0a2200000 4500 | ||
|---|---|---|---|
| 001 | 662950 | ||
| 005 | 20250417132628.0 | ||
| 035 | |a (RuTPU)RU\TPU\network\34118 | ||
| 090 | |a 662950 | ||
| 100 | |a 20210114d2020 k||y0rusy50 ba | ||
| 101 | 0 | |a eng | |
| 135 | |a drcn ---uucaa | ||
| 181 | 0 | |a i | |
| 182 | 0 | |a b | |
| 200 | 1 | |a Investigation of the Spectral Line Intensities of the ν9 Band of the Trans-Conformer of Ethylene |f A. G. Zyatkova (Ziatkova), A. B. Giniyatova, Yu. V. Konova | |
| 203 | |a Text |c electronic | ||
| 300 | |a Title screen | ||
| 320 | |a [References: 27 tit.] | ||
| 333 | |a Режим доступа: по договору с организацией-держателем ресурса | ||
| 461 | |t Russian Physics Journal | ||
| 463 | |t Vol. 63, iss. 3 |v [P. 353-359] |d 2020 | ||
| 610 | 1 | |a электронный ресурс | |
| 610 | 1 | |a труды учёных ТПУ | |
| 610 | 1 | |a Hartmann–Tran profile | |
| 610 | 1 | |a rotational-vibrational line intensity | |
| 610 | 1 | |a deuterated ethylene isotopologue | |
| 610 | 1 | |a изотопологи | |
| 610 | 1 | |a интенсивность | |
| 700 | 1 | |a Zyatkova (Ziatkova) |b A. G. |c Physicist |c Engineer of the Department of Tomsk Polytechnic University |f 1991- |g Anastasiya Georgievna |3 (RuTPU)RU\TPU\pers\37482 |9 20369 | |
| 701 | 1 | |a Giniyatova |b A. B. |g Aygerim Bolatovna | |
| 701 | 1 | |a Konova |b Yu. V. |c physicist |c technician at Tomsk Polytechnic University |f 1992- |g Yuliya Vladimirovna |3 (RuTPU)RU\TPU\pers\40678 |9 21330 | |
| 712 | 0 | 2 | |a Национальный исследовательский Томский политехнический университет |b Инженерная школа ядерных технологий |b Отделение экспериментальной физики |3 (RuTPU)RU\TPU\col\23549 |9 28346 |
| 801 | 2 | |a RU |b 63413507 |c 20210118 |g RCR | |
| 850 | |a 63413507 | ||
| 856 | 4 | 0 | |u https://doi.org/10.1007/s11182-020-02044-0 |
| 942 | |c CF | ||